00704naa a2200121 i 4500003000900000005001700009008004100026040002900067100015400096245006800250655003000318773023400348KOSZ 00520180419090823.0180419s1997 pl |100 0 pol d aKOSZ 005/HRcKOSZ 005/HR1 aPARTACZ, Czesław.bWyższa Szkoła Inżynierska w Koszalinie - Instytut Zarządzania i Marketingu, cKatedra Nauk Humanistycznych.d 1979 - 1996.10aPrzyszłość Niemiec i Polski w Europie /cCzesław Partacz. 0aMateriały konferencyjne.0 iW :tPolska, Niemcy, Ukraina w Europie : uwarunkowania, założenia i przesłanki wzajemnej współpracy / pod red. Włodzimierza Bonusiaka. -d Rzeszów : Wydaw. Wyższej Szkoły Pedagogicznej, 1996. -gs. 91-94z8386246189